Paschatya rajnaitik chintadhara (Record no. 9972)

MARC details
000 -LEADER
fixed length control field 00618cam a2200229ua 4500
008 - FIXED-LENGTH DATA ELEMENTS--GENERAL INFORMATION
fixed length control field 190808n ii |||gr||||Z||||||asm
020 ## - INTERNATIONAL STANDARD BOOK NUMBER
International Standard Book Number 9788191069051
040 ## - CATALOGING SOURCE
Transcribing agency MAIN
041 ## - LANGUAGE CODE
-- asm
082 ## - DEWEY DECIMAL CLASSIFICATION NUMBER
Classification number 320.5
100 ## - MAIN ENTRY--PERSONAL NAME
Personal name Kripesh Chandra Paul,
Relator term
245 ## - TITLE STATEMENT
Title Paschatya rajnaitik chintadhara
Statement of responsibility, etc. By Kripesh Chandra Paul
250 ## - EDITION STATEMENT
Edition statement 12th ed.
260 ## - PUBLICATION, DISTRIBUTION, ETC.
Place of publication, distribution, etc. Guwahati:
Name of publisher, distributor, etc. Arun prakashan,
Date of publication, distribution, etc. 2018.
300 ## - PHYSICAL DESCRIPTION
Extent 356p.
700 ## - ADDED ENTRY--PERSONAL NAME
Personal name Pratul Chandra Nayak,
Relator term
700 ## - ADDED ENTRY--PERSONAL NAME
Personal name Shailen Dutta Das,
Relator term
942 ## - ADDED ENTRY ELEMENTS (KOHA)
Koha item type Books
653 ## - INDEX TERM--UNCONTROLLED
Uncontrolled term Political science
653 ## - INDEX TERM--UNCONTROLLED
Uncontrolled term Western political thought
Holdings
Withdrawn status Lost status Damaged status Not for loan Home library Current library Shelving location Date acquired Total Checkouts Full call number Barcode Date last seen Date last checked out Copy number Price effective from Koha item type
        Central Library, Naharkatiya College Central Library, Naharkatiya College General Stacks 19/09/2020 4 320.5Political thought | PAU 26837 11/03/2025 06/03/2025 1 19/09/2020 Books
        Central Library, Naharkatiya College Central Library, Naharkatiya College General Stacks 19/09/2020 2 320.5Political thought | PAU 26838 13/12/2024 23/10/2024 2 19/09/2020 Books

Naharkatiya College © 2020. All rights reserved.

Powered By